| 000 | 00731nam a2200241 a 4500 | ||
|---|---|---|---|
| 001 | 000040831 | ||
| 003 | OSt | ||
| 005 | 20201117091849.0 | ||
| 008 | 130909s1999 dr 000 0 spa d | ||
| 040 |
_aDO-SdBNP _bspa _cDO-SdBNP |
||
| 082 |
_a005.43 _bP426w |
||
| 100 | 1 |
_aPeralta Felipe _967253 |
|
| 245 | 1 | 0 |
_aManual de word 97 / _cFelipe Peralta. |
| 246 | 1 | 3 |
_aWord'97 _bpara Windows 95-98 |
| 260 |
_aSanto Domingo : _bCENTU, _c1999 |
||
| 300 |
_a183 p. ; _c21 cm. |
||
| 590 | _aInventariado, 2020/VM | ||
| 650 | 4 |
_2Lemb _aWindows 97 (Sistema operacional para computador) _vManuales _976849 |
|
| 650 | 7 |
_2Lemb _aWindows 97 (Programa para computador) _vManuales _976850 |
|
| 910 | _aVMateo | ||
| 942 |
_2ddc _cLBS1 |
||
| 956 | _a | ||
| 999 |
_c40321 _d40321 |
||